000 01189nam a2200301 c 4500
999 _c30019
_d30019
003 BLK
005 20200311092553.0
008 180407b bul|||||r ||||||| ||bul||
010 _aKNG00032648000
020 _a954-712-064-6
040 _aBLK
041 _aBUL
_cBUL
080 _aМетоди на управление. Мениджмънт. Анализи, планиране, ръководство, сътрудничество, контрол, коопериране и др.
_b005.5
_z005.5
100 1 _aОрлоев, Никола
_eпърви автор
_9270603
139 _aОрлоев, Никола
_bО 70
245 1 0 _aВземане на управленски решения
_bМетоди за творчество
_cНикола Орлоев.
257 _aBGR
260 _bРусенски унив. А. Кънчев
_c1999
300 _a140 с.
_c20 см
380 _a0
650 4 _aУправление
_9174669
653 _aуправление
852 _aЦб 204983
856 4 _qpdf
856 4 _qpdf
942 _cKNG
_n0
_s1
944 _aCR
_c25.02.2003
_kКети_Илиева
944 _aED
_c01.09.2006
999 _d30019